00429nam a2200193Ia 4500003000900000008004100009040001300050040001300063041000800076100001900084245005600103250001200159260001100171260000900182300001200191300001200203490001400215490000600229IT-RoPAU120407s9999 xx 000 0 und d aIT-RoPAU cIT-RoPAU aita aGiovanni Ponte aPetrarca Francesco - Opere. A cura di Govanni Ponte aMilano  aMursia c1968 a1122 p. c21,5 cm aLe corone v7